Statystyki dla Polskie diecezje (z mapą)

Kliknij tutaj aby rozwiązać quiz!

Ogólne statystyki

  • Ten quiz został rozwiązany 474 razy
  • Średni wynik to 29 z 41

Odpowiedzi na mapie

Odpowiedzi skodowane kolorowo w zielono-czerwonej skali na mapie do tego quizu, zgodnie z poniższymi procentami.
 

Statystyki odpowiedzi

MetropoliaDiecezja% Poprawnych
gdańskagdańska
93%
warszawskawarszawska
93%
krakowskakrakowska
91%
szczecińsko-kamieńskaszczecińsko-kamieńska
90%
białostockabiałostocka
89%
wrocławskawrocławska
88%
poznańskapoznańska
87%
katowickakatowicka
86%
lubelskalubelska
85%
szczecińsko-kamieńskakoszalińsko-kołobrzeska
83%
łódzkałódzka
83%
katowickaopolska
83%
szczecińsko-kamieńskazielonogórsko-gorzowska
83%
gdańskatoruńska
81%
przemyskarzeszowska
80%
gnieźnieńskabydgoska
79%
częstochowskaczęstochowska
79%
krakowskakielecka
79%
częstochowskaradomska
76%
przemyskaprzemyska
74%
warmińskaelbląska
72%
krakowskatarnowska
70%
krakowskabielsko-żywiecka
67%
warszawskapłocka
66%
gnieźnieńskagnieźnieńska
64%
poznańskakaliska
64%
przemyskazamojsko-lubaczowska
64%
wrocławskalegnicka
60%
lubelskasandomierska
59%
warmińskaełcka
57%
lubelskasiedlecka
57%
katowickagliwicka
56%
częstochowskasosnowiecka
56%
warszawskawarszawsko-praska
55%
białostockałomżyńska
54%
gnieźnieńskawłocławska
54%
warmińskawarmińska
47%
gdańskapelplińska
44%
łódzkałowicka
39%
wrocławskaświdnicka
39%
białostockadrohiczyńska
38%

Rozkład punktacji

Percentyl według liczby udzielonych odpowiedzi

Procent ludzi z każdym wynikiem

Twoja historia wyników

Nie rozwiązałeś tego quizu